000 00678nam a2200229Ia 4500
003 OSt
005 20220923230106.0
006 a|||||r|||| 00| 0
007 ta
008 220922b |||||||| |||| 00| 0 pan d
024 _a277,254
037 _cTextual
040 _aARTS
_cARTS
_bpan
041 _2pan
_apan
082 _aO153,3N22,IS, K9;M7
100 _aਸਿੰਘ, ਨਰਿੰਦਰਪਾਲ
_9156270
245 0 _aਇਕ ਸਰਕਾਰ ਬਾਝੋ੍ਵ
260 _c1969
650 _aਪੰਜਾਬੀ ਸਾਹਿਤ
942 _hO153,3N22,IS, K9;M7
_cTEXL
_2CC
999 _c382371
_d382371